Topografia hipocratica, ó Descripcion de la epidemia de calenturas tercianas intermitentes malignas, continuo-remitentes perniciosas complicadas que se han padecido en la provincia de la Alcarria desde el año de 1784 hasta el de 1790 y 1791 y siguientes .. (Record no. 155822)

MARC details
000 -LEADER
campo de control de longitud fija 01524nam a22003015i 4500
001 - NÚMERO DE CONTROL
campo de control 155822
003 - IDENTIFICADOR DE NÚMERO DE CONTROL
campo de control ES-MaACL
005 - FECHA Y HORA DE LA ÚLTIMA TRANSACCIÓN
campo de control 20230906210218.0
008 - DATOS DE LONGITUD FIJA--INFORMACIÓN GENERAL
campo de control de longitud fija 830928s1795 sp a |||| | spa d
040 ## - FUENTE DE CATALOGACIÓN
Centro catalogador/agencia de origen CAT
Lengua de catalogación spa
Centro/agencia transcriptor CAT
Centro/agencia modificador CCPB
043 ## - CÓDIGO DE ÁREA GEOGRÁFICA
Código de área geográfica e-sp
080 #4 - NÚMERO DE LA CLASIFICACIÓN DECIMAL UNIVERSAL
Número de la Clasificación Decimal Universal 616.9(464Alcarria)"17"
100 1# - ENTRADA PRINCIPAL--NOMBRE DE PERSONA
Nombre de persona Ibáñez, Félix.
9 (RLIN) 128148
245 10 - MENCIÓN DEL TÍTULO
Título Topografia hipocratica, ó Descripcion de la epidemia de calenturas tercianas intermitentes malignas, continuo-remitentes perniciosas complicadas que se han padecido en la provincia de la Alcarria desde el año de 1784 hasta el de 1790 y 1791 y siguientes ..
Resto del título : escribese á favor de la salud publica ... /
Mención de responsabilidad, etc. por el doctor don Felix Ibañez...
260 ## - PUBLICACIÓN, DISTRIBUCIÓN, ETC.
Lugar de publicación, distribución, etc. En Madrid :
Nombre del editor, distribuidor, etc. en la imprenta de Ramon Ruiz,
Fecha de publicación, distribución, etc. 1795.
300 ## - DESCRIPCIÓN FÍSICA
Extensión [8], XXXVIII, 216, [2] p. ;
Dimensiones 4º (21 cm)
510 4# - NOTA DE CITAS O REFERENCIAS BIBLIOGRÁFICAS
Nombre de la fuente Palau 117.406
597 ## - NOTA DE DESCRIPCIÓN FÍSICA
NOTA DE DESCRIPCIÓN FÍSICA Sign.: *\p4\s, A-2I\p4\s.
597 ## - NOTA DE DESCRIPCIÓN FÍSICA
NOTA DE DESCRIPCIÓN FÍSICA 38 líneas, caja 167 x 109 mm.
597 ## - NOTA DE DESCRIPCIÓN FÍSICA
NOTA DE DESCRIPCIÓN FÍSICA Capitales adornadas.
597 ## - NOTA DE DESCRIPCIÓN FÍSICA
NOTA DE DESCRIPCIÓN FÍSICA Notas a pie de p. y reclamos.
597 ## - NOTA DE DESCRIPCIÓN FÍSICA
NOTA DE DESCRIPCIÓN FÍSICA Las últimas p. en bl.
650 #4 - PUNTO DE ACCESO ADICIONAL DE MATERIA--TÉRMINO DE MATERIA
Término de materia o nombre geográfico como elemento de entrada Enfermedades de transmisión-
Subdivisión geográfica Alcarria-
Subdivisión cronológica S. XVIII.
9 (RLIN) 135984
700 1# - ENTRADA AGREGADA--NOMBRE PERSONAL
Nombre de persona Ruíz, Ramón
Títulos y otros términos asociados al nombre , imp.
9 (RLIN) 132214
740 0# - ENTRADA AGREGADA--TÍTULO RELACIONADO/ANALÍTICO NO CONTROLADO
Título relacionado o analítico no controlado Descripcion de la epidemia de calenturas tercianas intermitentes malignas, continuo-remitentes perniciosas complicadas que se han padecido en la provincia de la Alcarria desde el año de 1784 hasta el de 1790 y 1791 y siguientes ...
752 ## - ENTRADA AGREGADA--NOMBRE JERÁRQUICO DEL LUGAR
País o entidad superior España -
Ciudad Madrid
852 ## - LOCALIZACIÓN
Ubicación ES-MaACL
Número de control de estantería R-1382
Nota libre -- Enc. perg.
Encuadernación Olim: G-15512
Holdings
Estatus retirado Estado de pérdida Estado de daño No para préstamo Colección Biblioteca de origen Biblioteca actual Ubicación en estantería Fecha de adquisición Fuente de adquisición Total de préstamos Signatura topográfica completa Código de barras Visto por última vez Precio de reemplazo Tipo de ítem Koha
        Libros del s. XVIII Biblioteca del Ateneo de Madrid Biblioteca del Ateneo de Madrid Depósito 17/01/2008     R-1382 1163002 23/02/2023 23/02/2023 Libro impreso antiguo